000 00446 a2200169 4500
005 20250613091227.0
020 _a978-0-07-351166-5
082 _a650 FER
100 _aFERRELL.C.O
245 _aBusiness: Achanging world
250 _a6th Ed.
260 _aNew York
_bMcGraw-Hill Irwin
_c2008.
300 _axxxiv,577p.:ill.;pictures,figures
_bGlossary, Index
_c25cm
700 _aGeoffrey Hirt &
700 _aLinda Ferrell
942 _2ddc
_cBKS
999 _c3795
_d3795